000 00984cam a22003133a 4500
001 32932
003 PGUSA
005 20140828083719.0
008 100620s2010||||xxu|||||s|||||000 1 eng d
040 _aPGUSA
_beng
042 _adc
050 4 _aPZ
100 1 _aFenn, George Manville,
_d1831-1909
245 1 0 _aSeven Frozen Sailors
_h[electronic resource] /
_cGeorge Manville Fenn
260 _bProject Gutenberg,
_c2010
506 _aPublic domain in the USA.
516 _aElectronic text
653 _aStorytelling -- Juvenile fiction
653 _aShip captains -- Juvenile fiction
653 _aArctic regions -- Juvenile fiction
653 _aSailors -- Juvenile fiction
653 _aExplorers -- Juvenile fiction
653 _aAdventure stories
653 _aVoyages and travels -- Juvenile fiction
653 _aSeafaring life -- Juvenile fiction
830 0 _aProject Gutenberg
_v32932
856 4 0 _uhttp://www.gutenberg.org/ebooks/32932
942 _cEB
999 _c262187
_d262187